Belfast Giants roster 2021-2022 - Statistics

General Stats
  • This quiz has been taken 18 times
  • The average score is 15 of 24
Answer Stats
Number or role Answer % Correct
1 Jackson Whistle
86%
Head coach Adam Keefe
79%
64 (Captain) David Goodwin
79%
6 Jeff Baum
79%
Mascot Finn McCool
71%
12 JJ Piccinich
71%
35 Andrew Dickson
64%
9 Ben Lake
64%
89 Ciaran Long
64%
15 Darcy Murphy
64%
Assistant coach Jeff Mason
64%
8 Lewis Hook
64%
2 Sam Ruopp
64%
10 Scott Conway
64%
34 (Player/assistant coach) Tyler Beskorowany
64%
71 Tyler Soy
64%
26 Mark Cooper
57%
7 Mark Garside
57%
Assistant coach Rob Stewart
57%
23 Griffin Reinhart
50%
22 Kevin Raine
50%
17 Slater Doggett
50%
88 Cam Knight
43%
28 Jordan Boucher
36%
No matching quizzes found
Score Distribution
Percent of People with Each Score
Percentile by Number Answered
Your Score History
You have not taken this quiz